Statistics for Fifa 21 Top 25 France Players

Click here to take the quiz!

General Stats

  • This quiz has been taken 142 times
  • The average score is 18 of 25

Answer Stats

RatingTeamPlayer% Correct
90PSGKylian Mbappe
99%
89Real MadridKarim Benzema
98%
88ChelseaN'Golo Kante
97%
86Manchester UnitedPaul Pogba
94%
87Tottenham HotspurHugo Lloris
93%
87FC BarcelonaAntoine Griezmann
87%
86Real MadridRaphael Varane
86%
83FC BarcelonaOusmane Dembele
78%
87Manchester CityAymeric Laporte
77%
84Manchester UnitedAnthony Martial
75%
84Bayern MunichKingsley Coman
75%
85FC BarcelonaClement Lenglet
72%
83FC BarcelonaSamuel Umtiti
70%
83ArsenalAlexandre Lacazette
68%
83Real MadridFerland Mendy
68%
82Bayern MunichLucas Hernandez
65%
84AS MonacoWissam Ben Yedder
65%
83Real BetisNabil Fekir
64%
84EvertonLucas Digne
60%
83Inter MiamiBlaise Matuidi
56%
82Olympique MarseilleDimitri Payet
50%
83Olympique MarseilleSteve Mandanda
48%
82FulhamAlphonse Areola
43%
82Olympique MarseilleFlorian Thauvin
42%
82LOSC LilleMike Maignan
28%

Score Distribution

Percentile by Number Answered

Percent of People with Each Score

Your Score History

You have not taken this quiz